Zulu thought-patterns and symbolism / (Record no. 33405)
[ view plain ]
| 000 -LEADER | |
|---|---|
| fixed length control field | 00957nam a22003011a 4500 |
| 001 - CONTROL NUMBER | |
| control field | 1294483 |
| 005 - DATE AND TIME OF LATEST TRANSACTION | |
| control field | 20110718131446.0 |
| 008 - FIXED-LENGTH DATA ELEMENTS--GENERAL INFORMATION | |
| fixed length control field | 760910s1976 sw af b 001 0 eng |
| 010 ## - LIBRARY OF CONGRESS CONTROL NUMBER | |
| LC control number | 76365364 |
| 015 ## - NATIONAL BIBLIOGRAPHY NUMBER | |
| National bibliography number | S*** |
| 020 ## - INTERNATIONAL STANDARD BOOK NUMBER | |
| International Standard Book Number | 0903983486 |
| 035 ## - SYSTEM CONTROL NUMBER | |
| -- | (DLC) 76365364 |
| 040 ## - CATALOGING SOURCE | |
| Original cataloging agency | DLC |
| Transcribing agency | DLC |
| Modifying agency | DLC |
| 043 ## - GEOGRAPHIC AREA CODE | |
| Geographic area code | f-sa--- |
| 050 00 - LIBRARY OF CONGRESS CALL NUMBER | |
| Classification number | DT878.Z9 |
| Item number | B45 |
| 082 00 - DEWEY DECIMAL CLASSIFICATION NUMBER | |
| Classification number | DT 878.Z9B45 1976 |
| 100 1# - MAIN ENTRY--PERSONAL NAME | |
| Personal name | Berglund, Axel-Ivar. |
| 245 10 - TITLE STATEMENT | |
| Title | Zulu thought-patterns and symbolism / |
| Statement of responsibility, etc | Axel-Ivar Berglund. |
| Medium | [Text] |
| 260 ## - PUBLICATION, DISTRIBUTION, ETC. (IMPRINT) | |
| Place of publication, distribution, etc | London |
| Name of publisher, distributor, etc | C. Hurst & Co. |
| Date of publication, distribution, etc | 1976 |
| 300 ## - PHYSICAL DESCRIPTION | |
| Extent | 402 p., [1] leaf of plates : ill. ; 24 cm. |
| 440 #0 - SERIES STATEMENT/ADDED ENTRY--TITLE | |
| Title | Studia missionalia Upsaliensia, |
| Volume number/sequential designation | 22 |
| 500 ## - GENERAL NOTE | |
| General note | Includes index. |
| 504 ## - BIBLIOGRAPHY, ETC. NOTE | |
| Bibliography, etc | Bibliography: p. 390-396. |
| 650 #0 - SUBJECT ADDED ENTRY--TOPICAL TERM | |
| Topical term or geographic name as entry element | Zulu (African people) |
| General subdivision | Social life and customs. |
| 650 #0 - SUBJECT ADDED ENTRY--TOPICAL TERM | |
| Topical term or geographic name as entry element | Zulu (African people) |
| General subdivision | Religion. |
| 906 ## - LOCAL DATA ELEMENT F, LDF (RLIN) | |
| a | 7 |
| b | cbc |
| c | orignew |
| d | u |
| e | ncip |
| f | 19 |
| g | y-gencatlg |
| 991 ## - | |
| -- | c-GenColl |
| -- | DT878.Z9 |
| -- | B45 |
| -- | Copy 1 |
| -- | BOOKS |
| Withdrawn status | Lost status | Source of classification or shelving scheme | Damaged status | Not for loan | Collection code | Home library | Current library | Shelving location | Date acquired | Source of acquisition | Cost, normal purchase price | Full call number | Barcode | Date last seen | Copy number | Price effective from | Koha item type |
|---|---|---|---|---|---|---|---|---|---|---|---|---|---|---|---|---|---|
| Library of Congress Classification | General Circulation | AIU/NEGST - Tony Wilmot Memorial Library | AIU/NEGST - Tony Wilmot Memorial Library | General Stacks | 02/10/2010 | STL | 12.50 | DT 878.Z9B45 1976 | R22392W3232 | 09/02/2019 | 1 | 02/10/2010 | Africana collection (General) |
